书目信息 |
| 题名: |
穿过指缝的阳光
|
|
| 作者: | 艾柯 编译 | |
| 分册: | ||
| 出版信息: | 天津 天津教育出版社 2006 |
|
| 页数: | 242页 | |
| 开本: | 21cm | |
| 丛书名: | 美丽英文系列 | |
| 单 册: | ||
| 中图分类: | H319.4 , I16 | |
| 科图分类: | ||
| 主题词: | 散文--世界--选集 , 英语 , 英语--汉语--对照读物 , 汉语 , 散文 | |
| 电子资源: | ||
| ISBN: | 7-5309-4782-6 | |
| 000 | 01106nam0 2200337 450 | |
| 000 | 01122nam0 2200337 450 | |
| 000 | 01053nam0 2200313 450 | |
| 000 | 01017nam0 2200301 45 | |
| 005 | 20070728080220.14 | |
| 010 | @a7-5309-4782-6@dCNY18.80 | |
| 100 | @a20070302d2006 em y0chiy0120 ea | |
| 101 | 0 | @achi@ceng |
| 102 | @aCN@b120000 | |
| 105 | @aa z 000yy | |
| 200 | 1 | @a穿过指缝的阳光@AChuan Guo Zhi Feng De Yang Guang@dSunshine getting through fingers@f艾柯编译@FAi Ke Bian Yi@zeng |
| 210 | @a天津@c天津教育出版社@d2006 | |
| 215 | @a242页@c 图@d21cm | |
| 225 | 2 | @a美丽英文系列@e英汉典藏版 |
| 330 | @a本书精选了百余篇经典散文,分为“洁白的栀子花”、“有人在等你”、“渴望你的爱”、“只要是普通人”四个部分 | |
| 410 | 0 | @12001 @a美丽英文系列@e英汉典藏版 |
| 510 | 1 | @aSunshine getting through fingers@zeng |
| 606 | 0 | @a散文@x世界@j选集 |
| 606 | 0 | @a英语 |
| 606 | 0 | @a英语@x汉语@x对照读物 |
| 606 | 0 | @a汉语 |
| 606 | 0 | @a散文 |
| 690 | @aH319.4@v4 | |
| 690 | @aI16@v4 | |
| 701 | 0 | @a艾柯@AAi Ke@4编译 |
| 801 | 0 | @aCN@bTAOJIN@c20070728 |
| 905 | @a10447@dH319.4@e1400 | |
| 穿过指缝的阳光=Sunshine getting through fingers/艾柯编译.-天津:天津教育出版社,2006 |
| 242页: 图;21cm.-(美丽英文系列:英汉典藏版 ) |
| ISBN 7-5309-4782-6:CNY18.80 |
| 本书精选了百余篇经典散文,分为“洁白的栀子花”、“有人在等你”、“渴望你的爱”、“只要是普通人”四个部分 |
| ● |
| 相关链接 |
|
|
|
|
正题名:穿过指缝的阳光
索取号:H319.4/1400
 
预约/预借
| 序号 | 登录号 | 条形码 | 馆藏地/架位号 | 状态 | 备注 |
| 1 | 0821796 | 208217963 | 第二样本阅览室/ [索取号:H319.4/1400] | 在馆 | |
| 2 | 0821797 | 208217972 | 第四借阅区/ [索取号:H319.4/1400] | 在馆 | |
| 3 | 0821798 | 208217981 | 第四借阅区/ [索取号:H319.4/1400] | 在馆 | |
| 4 | 0821799 | 208217990 | 第四借阅区/ [索取号:H319.4/1400] | 在馆 | |
| 5 | 0821800 | 208218007 | 第四借阅区/ [索取号:H319.4/1400] | 在馆 |